[Event "Championnat de France - Vétérans"]
[Site "Pau"]
[Date "2008.08.12"]
[Round "1.1"]
[White "Vaisman, Volodia"]
[Black "Baumgartner, Georges"]
[Result "1-0"]
[WhiteElo "2348"]
[BlackElo "1798"]
[PlyCount "77"]

1. Nf3 Nf6 2. c4 g6 3. Nc3 Bg7 4. e4 d6 5. d4 O-O 6. h3 c5 7. d5 a6 8. a4 Nbd7
9. Bd3 Re8 10. O-O Nf8 11. Be3 Qc7 12. Qd2 Kh8 13. Bh6 e5 14. Ne2 Ng8 15. Bxg7+
Kxg7 16. g4 Qe7 17. Ng3 Qf6 18. Kg2 h5 19. Nh2 h4 20. Ne2 g5 21. Nf3 Nh7 22. a5
Ne7 23. b4 Ng6 24. bxc5 dxc5 25. Rab1 Nf4+ 26. Nxf4 Qxf4 27. Qxf4 gxf4 28. Rb6
f6 29. Rfb1 Re7 30. Rd6 Ng5 31. Nxg5 fxg5 32. Rbb6 Kf8 33. Rh6 Rg7 34. Bc2 f3+
35. Kxf3 Bd7 36. Rh8+ Rg8 37. Rxg8+ Kxg8 38. Rxb7 Rf8+ 39. Kg2 1-0

[Event "Championnat de France - Vétérans"]
[Site "Pau"]
[Date "2008.08.12"]
[Round "1.2"]
[White "Diaferia, Joseph"]
[Black "Goldenberg, Richard"]
[Result "0-1"]
[WhiteElo "1797"]
[BlackElo "2341"]
[PlyCount "38"]

1. e4 g6 2. Nf3 Bg7 3. g3 e5 4. Bg2 Ne7 5. d3 O-O 6. O-O d5 7. b3 Nbc6 8. Bb2
f5 9. Nc3 d4 10. Ne2 Kh8 11. Nd2 f4 12. gxf4 exf4 13. Nf3 Bg4 14. Bc1 g5 15.
Kh1 Qd7 16. Nxg5 f3 17. Bxf3 Rxf3 18. Qe1 h6 19. Nxf3 Bxf3+ 0-1

[Event "Championnat de France - Vétérans"]
[Site "Pau"]
[Date "2008.08.12"]
[Round "1.3"]
[White "Meinsohn, Francis"]
[Black "Carlucci, Jean"]
[Result "1-0"]
[WhiteElo "2251"]
[BlackElo "1793"]
[PlyCount "53"]

1. d4 Nf6 2. c4 e6 3. Nf3 d5 4. Nc3 a6 5. cxd5 exd5 6. Bg5 Be7 7. e3 h6 8. Bh4
Bf5 9. Bxf6 Bxf6 10. Qb3 Be4 11. Qxb7 Nd7 12. Nxe4 dxe4 13. Qxe4+ Be7 14. Bd3
Nf6 15. Qc6+ Nd7 16. Ne5 Rb8 17. Bf5 O-O 18. Nxd7 Bb4+ 19. Ke2 Qg5 20. g4 Rfd8
21. Nxb8 Rxb8 22. Qxc7 Rd8 23. Rac1 g6 24. h4 Qf6 25. g5 hxg5 26. hxg5 Qxg5 27.
Rcg1 1-0

[Event "Championnat de France - Vétérans"]
[Site "Pau"]
[Date "2008.08.12"]
[Round "1.4"]
[White "Deveau, Henri"]
[Black "Birens, Eric-Andre"]
[Result "0-1"]
[WhiteElo "1792"]
[BlackElo "2054"]
[PlyCount "28"]

1. e4 c5 2. Nf3 d6 3. d4 cxd4 4. Nxd4 Nf6 5. Nc3 a6 6. a4 e5 7. Nb3 Be6 8. Be2
Be7 9. O-O O-O 10. f4 Qb6+ 11. Kh1 Bxb3 12. cxb3 Nbd7 13. Bc4 Qc7 14. Be3 Nb6
0-1

[Event "Championnat de France - Vétérans"]
[Site "Pau"]
[Date "2008.08.12"]
[Round "1.5"]
[White "Degrave, Jack"]
[Black "Zurano, Alberto"]
[Result "1-0"]
[WhiteElo "2020"]
[BlackElo "1789"]
[PlyCount "43"]

1. e4 c5 2. Nf3 d6 3. d4 cxd4 4. Nxd4 Nf6 5. Nc3 a6 6. f3 e6 7. Be3 Be7 8. Qd2
Qc7 9. O-O-O Nc6 10. g4 h6 11. h4 Ne5 12. Qg2 Bd7 13. g5 hxg5 14. hxg5 Nh5 15.
f4 Nc4 16. Bxc4 Qxc4 17. g6 e5 18. fxe5 dxe5 19. Nf5 Bf8 20. Nd5 Qc6 21. gxf7+
Kxf7 22. Qf3 1-0

[Event "Championnat de France - Vétérans"]
[Site "Pau"]
[Date "2008.08.12"]
[Round "1.6"]
[White "Lagasse, Andre"]
[Black "Oger, Claude"]
[Result "0-1"]
[WhiteElo "1769"]
[BlackElo "2016"]
[PlyCount "92"]

1. d4 Nf6 2. Nf3 d5 3. e3 c5 4. c3 Nc6 5. Bd3 Bg4 6. Nbd2 e6 7. O-O c4 8. Be2
Bd6 9. h3 Bh5 10. b3 b5 11. Re1 O-O 12. bxc4 bxc4 13. Qa4 Qc7 14. Ba3 Rab8 15.
Rab1 Rxb1 16. Rxb1 Ne4 17. Bxd6 Qxd6 18. Qc2 Bg6 19. Nh4 Nxd2 20. Nxg6 Nxb1 21.
Nxf8 Nxc3 22. Qxc3 Kxf8 23. Qc2 g6 24. Qa4 Qc7 25. Qa3+ Kg7 26. Qb2 Qb6 27.
Qxb6 axb6 28. a3 b5 29. Kf1 Kf6 30. g4 e5 31. Bf3 e4 32. Bd1 Kg5 33. f3 f5 34.
fxe4 fxe4 35. Kg2 Na5 36. Kg3 c3 37. h4+ Kf6 38. Kf2 Nc4 39. Ke2 Nxa3 40. Bb3
Ke6 41. Kd1 Kd6 42. Kc1 Kc6 43. g5 b4 44. Ba4+ Kd6 45. Kd1 Nc4 46. Ke2 Nd2 0-1

[Event "Championnat de France - Vétérans"]
[Site "Pau"]
[Date "2008.08.12"]
[Round "1.7"]
[White "Darrigues, Alain"]
[Black "Doucin, Paul"]
[Result "1-0"]
[WhiteElo "2012"]
[BlackElo "1768"]
[PlyCount "73"]

1. d4 Nf6 2. c4 g6 3. Nc3 Bg7 4. e4 d6 5. Be2 O-O 6. Nf3 e5 7. O-O Nc6 8. d5
Ne7 9. Ne1 Nd7 10. Nd3 f5 11. f3 f4 12. Bd2 g5 13. Rc1 Nf6 14. c5 h5 15. h3 Bd7
16. a4 Qe8 17. Qb3 Kh8 18. Qxb7 g4 19. c6 gxh3 20. cxd7 Qg6 21. Rf2 Qg3 22. Be1
Rg8 23. Qxc7 Rad8 24. Qxd6 Ng6 25. Qe6 Rxd7 26. Qxh3 Qg5 27. Nc5 Rf7 28. Bc4
Bf8 29. Ne6 Qh6 30. Rd2 Bb4 31. Rdd1 Nf8 32. Kh1 Nxe6 33. dxe6 Rfg7 34. Rc2 Be7
35. Nd5 Nxd5 36. Rxd5 Rh7 37. Rxe5 1-0

[Event "Championnat de France - Vétérans"]
[Site "Pau"]
[Date "2008.08.12"]
[Round "1.8"]
[White "Mercier, Pierre"]
[Black "Peyrin, Jean"]
[Result "0-1"]
[WhiteElo "1767"]
[BlackElo "1980"]
[PlyCount "70"]

1. d4 Nf6 2. c4 e6 3. Nf3 Bb4+ 4. Bd2 Qe7 5. a3 Bxd2+ 6. Nbxd2 d6 7. Qc2 O-O 8.
e3 a5 9. Bd3 e5 10. O-O Bg4 11. Ng5 g6 12. h3 Bd7 13. Nge4 Ne8 14. dxe5 dxe5
15. Nc3 c6 16. Na4 Be6 17. Ne4 Nd7 18. c5 f5 19. Nd2 e4 20. Be2 Nc7 21. Rfd1
Na6 22. Nb3 Rfd8 23. Rac1 Nc7 24. Rd2 Nd5 25. Nd4 Bf7 26. Qd1 Ne5 27. Qc2 Qg5
28. Nc3 Nxe3 29. fxe3 Qxe3+ 30. Kh1 Rxd4 31. Rxd4 Qxd4 32. Na4 Nd3 33. Bxd3
exd3 34. Qd1 d2 35. Rc3 Re8 0-1

[Event "Championnat de France - Vétérans"]
[Site "Pau"]
[Date "2008.08.12"]
[Round "1.9"]
[White "Maurel, Jean-Louis"]
[Black "Paccard, Jacques"]
[Result "1-0"]
[WhiteElo "1974"]
[BlackElo "1754"]
[PlyCount "73"]

1. d4 d5 2. Nf3 c6 3. Bf4 Nd7 4. e3 Ngf6 5. h3 g6 6. c4 Bg7 7. Nc3 b6 8. Rc1
Bb7 9. Be2 O-O 10. O-O Rc8 11. b4 dxc4 12. Bxc4 b5 13. Be2 Nb6 14. Qb3 Nbd5 15.
Bg3 e6 16. Ne5 Nxc3 17. Rxc3 Nd5 18. Rc2 a5 19. a3 a4 20. Qa2 Ne7 21. Rfc1 Qd5
22. Qb1 Bxe5 23. Bxe5 f6 24. Bh2 Kg7 25. Rc5 Qd7 26. Qb2 Nf5 27. Rd1 Rfd8 28.
Qc3 e5 29. Bg4 h5 30. Bxf5 Qxf5 31. Qc1 Rd5 32. dxe5 Rxd1+ 33. Qxd1 Qe6 34.
exf6+ Kxf6 35. Re5 Qg8 36. Qd6+ Kg7 37. Re7+ 1-0

[Event "Championnat de France - Vétérans"]
[Site "Pau"]
[Date "2008.08.12"]
[Round "1.10"]
[White "Bordet, Jacky"]
[Black "Cousin, Philippe"]
[Result "1-0"]
[WhiteElo "1748"]
[BlackElo "1971"]
[PlyCount "94"]

1. d4 Nf6 2. Nf3 c5 3. d5 e6 4. c4 exd5 5. cxd5 d6 6. Nc3 g6 7. e4 Bg7 8. Be2
O-O 9. O-O a6 10. a4 Re8 11. Nd2 Qc7 12. f3 b6 13. Rb1 Nfd7 14. Nc4 Ne5 15. Ne3
Ned7 16. Qc2 Bd4 17. Kh1 f5 18. Ncd1 f4 19. Ng4 Rf8 20. b4 h5 21. Ngf2 Ne5 22.
bxc5 bxc5 23. Bb2 Bxb2 24. Nxb2 Nbd7 25. Nc4 Nxc4 26. Bxc4 Ne5 27. Be2 a5 28.
Nd3 Qe7 29. Nxe5 Qxe5 30. Rb2 g5 31. Rfb1 g4 32. Rb6 g3 33. h3 Rd8 34. Bb5 Qg7
35. Bc6 Ra7 36. Rb8 Qe7 37. Qe2 Qe5 38. Qb2 Qe7 39. Qd2 Qe5 40. R8b5 Qg5 41.
Rxa5 Rg7 42. Ra8 Qe5 43. Qb2 Qg5 44. a5 Qh4 45. a6 Kh7 46. Rxc8 Rxc8 47. Bb7
Rb8 1-0

[Event "Championnat de France - Vétérans"]
[Site "Pau"]
[Date "2008.08.13"]
[Round "2.1"]
[White "Marbot, Raymond"]
[Black "Vaisman, Volodia"]
[Result "0-1"]
[WhiteElo "1911"]
[BlackElo "2348"]
[PlyCount "76"]

1. e4 c5 2. Nf3 e6 3. d4 cxd4 4. Nxd4 a6 5. Be3 Nf6 6. Nd2 d6 7. Be2 Be7 8. O-O
e5 9. N4b3 Nc6 10. f3 Be6 11. c3 O-O 12. Qe1 Rc8 13. Qf2 Nd7 14. Rad1 Na5 15.
f4 Nxb3 16. axb3 exf4 17. Bxf4 Ne5 18. h3 Qc7 19. c4 Bf6 20. Nf3 Nxf3+ 21. Bxf3
Be5 22. Bxe5 dxe5 23. Rd3 Rfd8 24. Rfd1 Rxd3 25. Rxd3 g6 26. Qh4 b5 27. Rc3
Qb6+ 28. Qf2 Qxf2+ 29. Kxf2 bxc4 30. bxc4 Rxc4 31. Rxc4 Bxc4 32. Be2 Bxe2 33.
Kxe2 f6 34. Ke3 Kf7 35. b4 Ke6 36. h4 h5 37. g3 Kd6 38. Kd3 Kc6 0-1

[Event "Championnat de France - Vétérans"]
[Site "Pau"]
[Date "2008.08.13"]
[Round "2.2"]
[White "Goldenberg, Richard"]
[Black "Danzanvilliers, Patrice"]
[Result "1-0"]
[WhiteElo "2341"]
[BlackElo "1907"]
[PlyCount "49"]

1. Nf3 Nf6 2. c4 g6 3. d4 Bg7 4. Nc3 d5 5. Bf4 O-O 6. Rc1 c6 7. e3 e6 8. Bd3
Nh5 9. Be5 Bxe5 10. dxe5 Nd7 11. h4 dxc4 12. Bxc4 Qa5 13. Qd4 Nb6 14. Bb3 Bd7
15. g4 Ng7 16. Qf4 h5 17. gxh5 Nd5 18. Qh6 Nf5 19. Qg5 Qd8 20. Ne4 Qxg5 21.
hxg5 Rad8 22. Rd1 Bc8 23. hxg6 fxg6 24. Bxd5 exd5 25. Nf6+ 1-0

[Event "Championnat de France - Vétérans"]
[Site "Pau"]
[Date "2008.08.13"]
[Round "2.3"]
[White "Fayolle, Guy"]
[Black "Meinsohn, Francis"]
[Result "0-1"]
[WhiteElo "1894"]
[BlackElo "2251"]
[PlyCount "32"]
[EventDate "2008.??.??"]

1. e4 d5 2. exd5 Nf6 3. c4 c6 4. dxc6 Nxc6 5. Nf3 e5 6. Nc3 Bb4 7. Na4 Be7 8.
d3 O-O 9. Be2 Bf5 10. O-O Re8 11. Nc3 h6 12. h3 Nd4 13. Nxd4 exd4 14. Nb1 Bd6
15. Bf3 Qe7 16. g4 Qe5 0-1

[Event "Championnat de France - Vétérans"]
[Site "Pau"]
[Date "2008.08.13"]
[Round "2.4"]
[White "Birens, Eric-Andre"]
[Black "Violeau, Jean-Luc"]
[Result "1/2-1/2"]
[WhiteElo "2054"]
[BlackElo "1880"]
[PlyCount "118"]

1. d4 d5 2. c4 c6 3. Nf3 Nf6 4. Nc3 a6 5. b3 Bf5 6. Bb2 Nbd7 7. e3 e6 8. Bd3
Bxd3 9. Qxd3 Be7 10. O-O O-O 11. Rad1 Qc7 12. Rfe1 Rad8 13. cxd5 exd5 14. Re2
Rfe8 15. Qf5 Bb4 16. Rc2 Bxc3 17. Bxc3 Ne4 18. Bb2 Re6 19. Qxd5 Ndf6 20. Qf5
Rd5 21. Qf4 Qxf4 22. exf4 Rd8 23. Rdc1 Nd5 24. g3 Nb4 25. Re2 Rde8 26. Ne5 Nd6
27. Ba3 Nd5 28. Bxd6 Rxd6 29. Nc4 Rde6 30. Rxe6 Rxe6 31. Kf1 Kf8 32. Na5 Re7
33. Re1 Rd7 34. Kg2 Nb4 35. Re2 Nd5 36. Kf3 Nc3 37. Rd2 Nb5 38. Ke3 Ke8 39. a4
Nd6 40. g4 Re7+ 41. Kf3 Kd7 42. Nc4 Nxc4 43. bxc4 Re1 44. Rb2 Kc7 45. Re2 Rxe2
46. Kxe2 b5 47. axb5 axb5 48. c5 Kd7 49. f5 g6 50. Kd3 gxf5 51. gxf5 Ke7 52.
Ke4 f6 53. d5 Kd7 54. d6 h5 55. h4 Ke8 56. Kd3 Kd7 57. Kc3 Kd8 58. Kb4 Kd7 59.
Ka5 Kc8 1/2-1/2

[Event "Championnat de France - Vétérans"]
[Site "Pau"]
[Date "2008.08.13"]
[Round "2.5"]
[White "Maury, Claude"]
[Black "Degrave, Jack"]
[Result "1/2-1/2"]
[WhiteElo "1892"]
[BlackElo "2020"]
[PlyCount "131"]

1. d4 Nf6 2. Bf4 g6 3. e3 Bg7 4. Nf3 O-O 5. Bd3 d6 6. c3 Nbd7 7. Qb3 b6 8. Nbd2
Bb7 9. c4 e5 10. Bg5 Qe8 11. Bxf6 Bxf6 12. Be4 exd4 13. Bxb7 Nc5 14. Ne4 Nxe4
15. Bxa8 Qxa8 16. exd4 c5 17. d5 Qd8 18. O-O Bg7 19. Rfe1 f5 20. Re2 Bh6 21.
Qd3 Qf6 22. Rae1 Kh8 23. h3 Kg8 24. Nh2 Bg7 25. Nf1 Qh4 26. Ne3 Bd4 27. Rf1 Qf6
28. Rfe1 Re8 29. Nd1 Re5 30. Qf3 Qh4 31. Kh2 g5 32. g3 Qh6 33. Rxe4 fxe4 34.
Rxe4 Qg6 35. Rxe5 Bxe5 36. Qg4 h6 37. Qc8+ Kg7 38. Qd7+ Kg8 39. Ne3 Qf6 40. Nf5
Bxb2 41. Qe8+ Kh7 42. Qd7+ Kg8 43. Qe6+ Qxe6 44. dxe6 Be5 45. Nxh6+ Kf8 46. Nf5
b5 47. cxb5 c4 48. Kg2 c3 49. Ne3 d5 50. Kf3 d4 51. Nc2 d3 52. Nb4 d2 53. Ke2
Bd4 54. f4 gxf4 55. gxf4 Bc5 56. Nc2 Ke7 57. h4 Kxe6 58. h5 Kf5 59. Na1 Bd6 60.
a4 Bxf4 61. a5 Bc7 62. Nb3 Kg5 63. b6 axb6 64. axb6 Bf4 65. Kd1 Kxh5 66. b7
1/2-1/2

[Event "Championnat de France - Vétérans"]
[Site "Pau"]
[Date "2008.08.13"]
[Round "2.6"]
[White "Oger, Claude"]
[Black "Duval, Michel"]
[Result "1/2-1/2"]
[WhiteElo "2016"]
[BlackElo "1843"]
[PlyCount "124"]

1. Nf3 Nf6 2. c4 c5 3. Nc3 Nc6 4. g3 g6 5. Bg2 Bg7 6. d3 O-O 7. O-O d6 8. h3 e5
9. Bd2 Rb8 10. Qc2 a6 11. a4 a5 12. Bg5 Qd7 13. Qd2 b6 14. Bh6 Nd4 15. Bxg7
Nxf3+ 16. Bxf3 Kxg7 17. Bg2 Qd8 18. e3 Be6 19. e4 Nh5 20. g4 Nf4 21. Ne2 Qg5
22. Nxf4 Qxf4 23. Qxf4 exf4 24. Bf3 g5 25. Kg2 h6 26. b3 Kf6 27. Rfd1 Ke5 28.
d4+ cxd4 29. Rd3 Rfd8 30. Rad1 Rbc8 31. Rxd4 Rc5 32. R4d2 Rcc8 33. Ra1 Rc5 34.
h4 Rcc8 35. Rh1 Rc7 36. hxg5 hxg5 37. Rh5 f6 38. Rh1 Rcd7 39. Bd1 Rc7 40. Bf3
Rcd7 41. Be2 Rc7 42. Kf3 Rcd7 43. Rh6 Rf7 44. Rd1 Rc8 45. Rhh1 Rd7 46. Kg2 Rcd8
47. f3 Rc8 48. Rd2 Rcc7 49. Rhd1 Rd8 50. Rh1 Rdd7 51. Rb2 Rd8 52. b4 Rdc8 53.
bxa5 bxa5 54. Rf1 Rc5 55. Rb5 Bd7 56. Rb7 R8c7 57. Rxc7 Rxc7 58. Rd1 Rc5 59.
Ra1 Be6 60. Rd1 Bd7 61. Ra1 Be6 62. Rd1 Bd7 1/2-1/2

[Event "Championnat de France - Vétérans"]
[Site "Pau"]
[Date "2008.08.13"]
[Round "2.7"]
[White "Mengus, Charles"]
[Black "Darrigues, Alain"]
[Result "0-1"]
[WhiteElo "1879"]
[BlackElo "2012"]
[PlyCount "54"]

1. e4 c5 2. Nc3 Nc6 3. f4 g6 4. Nf3 Bg7 5. Bc4 e6 6. O-O d6 7. Qe1 Nge7 8. d3
O-O 9. f5 d5 10. Bb3 Nd4 11. Nxd4 cxd4 12. f6 Bxf6 13. Rxf6 dxc3 14. bxc3 Nf5
15. Bg5 Qb6+ 16. Kh1 dxe4 17. dxe4 Ng7 18. Qh4 Qc5 19. Raf1 a5 20. a4 Bd7 21.
R6f3 Rae8 22. Bf6 Bc6 23. Qh6 Nh5 24. g4 Nxf6 25. Bd5 Nxg4 26. Qg5 exd5 27.
Qxg4 dxe4 0-1

[Event "Championnat de France - Vétérans"]
[Site "Pau"]
[Date "2008.08.13"]
[Round "2.8"]
[White "Peyrin, Jean"]
[Black "Kassab, Faouzi"]
[Result "1-0"]
[WhiteElo "1980"]
[BlackElo "1818"]
[PlyCount "101"]

1. d4 Nf6 2. c4 g6 3. Nc3 d6 4. e4 Bg7 5. f4 c6 6. Nf3 a6 7. a4 O-O 8. Bd3 Nbd7
9. O-O c5 10. d5 Qc7 11. Qe2 e5 12. fxe5 Nxe5 13. Nxe5 dxe5 14. Bg5 Qd6 15. Qf2
Ne8 16. a5 Bd7 17. Ra3 f6 18. Be3 Rc8 19. Rb3 Qc7 20. Rb6 Nd6 21. Qh4 Rf7 22.
Qg3 Rcf8 23. h4 f5 24. exf5 Bxf5 25. Be2 Bd7 26. Rxf7 Rxf7 27. Bd3 Bf5 28. Bd2
Nc8 29. Bxf5 Rxf5 30. d6 Nxd6 31. Qd3 Bf8 32. Nd5 Qf7 33. Ne3 e4 34. Qe2 Rh5
35. Be1 Qe6 36. Bg3 Be7 37. Qd1 Re5 38. Bxe5 Qxe5 39. Qd5+ Qxd5 40. Nxd5 Kf7
41. b3 Bf8 42. Kf2 Ke6 43. g3 Ke5 44. g4 Bg7 45. g5 h6 46. Ne7 hxg5 47. Nxg6+
Ke6 48. hxg5 Bc3 49. Nf4+ Ke7 50. Nd5+ Kd7 51. Nxc3 1-0

[Event "Championnat de France - Vétérans"]
[Site "Pau"]
[Date "2008.08.13"]
[Round "2.9"]
[White "Cortes, Jaime"]
[Black "Maurel, Jean-Louis"]
[Result "0-1"]
[WhiteElo "1873"]
[BlackElo "1974"]
[PlyCount "80"]

1. d4 d5 2. c4 Bf5 3. Nc3 e6 4. Nf3 c6 5. g3 h6 6. Bg2 Nf6 7. O-O dxc4 8. Ne5
Be7 9. e4 Bh7 10. Nxc4 O-O 11. a4 Nbd7 12. Bf4 Nb6 13. b3 Bb4 14. Na2 Be7 15.
Re1 Ne8 16. Rc1 Nd6 17. Nxd6 Bxd6 18. e5 Ba3 19. Rc3 Bb2 20. h4 Bxc3 21. Nxc3
Nd5 22. Bxd5 cxd5 23. Nb5 Qc8 24. Nd6 Qc2 25. Qg4 Bf5 26. Qf3 Qd3 27. Qh5 Bg6
28. Qg4 Kh7 29. Rd1 Qxb3 30. h5 Be4 31. Be3 Qxa4 32. Rc1 Qd7 33. f3 Bd3 34. Rc3
Bf5 35. Qf4 f6 36. g4 fxe5 37. dxe5 Be4 38. Nf5 Bxf5 39. gxf5 Rxf5 40. Qg4 Qf7
0-1

[Event "Championnat de France - Vétérans"]
[Site "Pau"]
[Date "2008.08.13"]
[Round "2.10"]
[White "Tholey, Jean-Paul"]
[Black "Pair, Maurice"]
[Result "1-0"]
[WhiteElo "1967"]
[BlackElo "1806"]
[PlyCount "79"]

1. d4 Nf6 2. c4 e6 3. Nc3 Bb4 4. Qc2 O-O 5. Nf3 b6 6. e3 Bb7 7. Be2 d5 8. cxd5
exd5 9. O-O Nbd7 10. Bd2 Re8 11. a3 Bxc3 12. Bxc3 c5 13. Rfd1 Rc8 14. Qf5 c4
15. Rac1 Ne4 16. Be1 Nd6 17. Qb1 Qf6 18. b3 b5 19. Bb4 Ba6 20. a4 bxa4 21. Bxd6
Qxd6 22. bxc4 Bxc4 23. Bxc4 dxc4 24. Qb5 Nb6 25. Rc3 Re7 26. Nd2 Qc6 27. Qxc6
Rxc6 28. Rdc1 Rec7 29. Kf1 f5 30. Ke2 Kf7 31. f3 Ke6 32. e4 Kf6 33. d5 Rc5 34.
Ke3 g6 35. Kd4 Ke7 36. Nxc4 Nxc4 37. Rxc4 Rxc4+ 38. Rxc4 Rxc4+ 39. Kxc4 Kd6 40.
Kb4 1-0

[Event "Championnat de France - Vétérans"]
[Site "Pau"]
[Date "2008.08.14"]
[Round "3.1"]
[White "Vaisman, Volodia"]
[Black "Maurel, Jean-Louis"]
[Result "1-0"]
[WhiteElo "2348"]
[BlackElo "1974"]
[PlyCount "39"]

1. Nf3 d6 2. d4 g6 3. c4 Bg7 4. Nc3 Nc6 5. e3 e5 6. dxe5 Nxe5 7. Nd4 Nf6 8. Be2
O-O 9. O-O Bd7 10. h3 Re8 11. b3 Nc6 12. Bf3 Nxd4 13. exd4 c6 14. Bf4 Bf5 15.
g4 Be4 16. Be2 c5 17. f3 cxd4 18. Nxe4 Nxe4 19. fxe4 Qh4 20. Bd3 1-0

[Event "Championnat de France - Vétérans"]
[Site "Pau"]
[Date "2008.08.14"]
[Round "3.2"]
[White "Dubreuil, Remy"]
[Black "Goldenberg, Richard"]
[Result "1/2-1/2"]
[WhiteElo "1957"]
[BlackElo "2341"]
[PlyCount "25"]

1. e4 g6 2. d4 Bg7 3. c4 d6 4. Nc3 Nc6 5. Be3 e5 6. Nf3 Bg4 7. d5 Nd4 8. Be2
Bxf3 9. Bxf3 Ne7 10. O-O c5 11. Qa4+ Qd7 12. Bd1 a6 13. Rb1 1/2-1/2

[Event "Championnat de France - Vétérans"]
[Site "Pau"]
[Date "2008.08.14"]
[Round "3.3"]
[White "Meinsohn, Francis"]
[Black "Tholey, Jean-Paul"]
[Result "0-1"]
[WhiteElo "2251"]
[BlackElo "1967"]
[PlyCount "156"]

1. d4 Nf6 2. c4 g6 3. Nf3 Bg7 4. Nc3 d5 5. cxd5 Nxd5 6. Qb3 Nb6 7. e4 c6 8. Be3
Be6 9. Qc2 Bc4 10. Ne2 N8d7 11. b3 Ba6 12. Rd1 Rc8 13. a4 Nf6 14. Ne5 O-O 15.
g4 Qd6 16. g5 Nh5 17. Bh3 e6 18. Bg4 Bxe2 19. Qxe2 Qb4+ 20. Bd2 Qxb3 21. a5
Bxe5 22. dxe5 Nc4 23. Bxh5 Nxd2 24. Rxd2 gxh5 25. O-O Qc3 26. Rd3 Qxe5 27. Qxh5
Qxe4 28. Rfd1 c5 29. Rh3 Rfd8 30. Rc1 Rd5 31. Rg3 Rcd8 32. h4 b6 33. Re3 Qf5
34. axb6 axb6 35. Rf3 Qg6 36. Qg4 Rd4 37. Rf4 e5 38. Rxd4 Rxd4 39. Qg3 Qe4 40.
Ra1 Qg4 41. Ra8+ Kg7 42. Rb8 Qxg3+ 43. fxg3 Rb4 44. Re8 c4 45. Kf2 Rb5 46. Ke3
Rc5 47. Kd2 b5 48. Rb8 h6 49. gxh6+ Kxh6 50. g4 f6 51. Kc3 Rd5 52. Rb6 Kg7 53.
Rb7+ Kg6 54. h5+ Kh6 55. Rf7 Rd3+ 56. Kb4 Rb3+ 57. Kc5 Kg5 58. Rg7+ Kf4 59. Rg6
c3 60. Kd5 c2 61. Rxf6+ Kxg4 62. Rc6 Kxh5 63. Rxc2 Re3 64. Rb2 Kg4 65. Rf2 b4
66. Rb2 b3 67. Rf2 Kg3 68. Rb2 Kf3 69. Rh2 e4 70. Kc4 Rd3 71. Rh3+ Ke2 72. Rh4
Re3 73. Rh2+ Kd1 74. Kd4 Re2 75. Rh1+ Kc2 76. Rh8 b2 77. Rc8+ Kd1 78. Rb8 Kc1
0-1

[Event "Championnat de France - Vétérans"]
[Site "Pau"]
[Date "2008.08.14"]
[Round "3.4"]
[White "Darrigues, Alain"]
[Black "Ancival, Lucien"]
[Result "1-0"]
[WhiteElo "2012"]
[BlackElo "1955"]
[PlyCount "199"]

1. d4 Nf6 2. c4 g6 3. Nc3 d5 4. Nf3 Bg7 5. Qb3 dxc4 6. Qxc4 Nbd7 7. e4 Nb6 8.
Qb3 O-O 9. Be2 c6 10. O-O Be6 11. Qc2 Rc8 12. b3 Bg4 13. Be3 e6 14. Rad1 Qe7
15. Rfe1 Nfd7 16. a4 a5 17. h3 Bxf3 18. Bxf3 e5 19. dxe5 Bxe5 20. Bg4 Rcd8 21.
Nb1 Bd6 22. Nd2 Bb4 23. Rf1 Rfe8 24. Bf3 Nc8 25. g3 Ne5 26. Bg2 Rd3 27. Nb1
Red8 28. Rxd3 Rxd3 29. Rd1 Qd7 30. Rxd3 Qxd3 31. Qxd3 Nxd3 32. Kf1 c5 33. Ke2
Ne1 34. Bh1 Nc2 35. Nd2 Nxe3 36. Kxe3 Na7 37. e5 b5 38. Bb7 Kf8 39. Ne4 Ke7 40.
f4 h6 41. g4 Ke6 42. Nf6 bxa4 43. bxa4 g5 44. Bd5+ Ke7 45. f5 Kf8 46. Nd7+ Ke7
47. Nb6 f6 48. exf6+ Kxf6 49. Bb7 Kf7 50. Ke4 Ke7 51. Kd5 Kd8 52. Nc4 Kc7 53.
f6 Bc3 54. Ne5 c4 55. Ba6 Nc8 56. f7 Nb6+ 57. Ke6 Bb4 58. Bxc4 Nxa4 59. Ng6
Nc5+ 60. Kf6 a4 61. Kg7 Ne4 62. Kxh6 Nf2 63. Kxg5 Nxh3+ 64. Kf5 Nf2 65. g5 Nh3
66. Nf4 Nxg5 67. Kxg5 Kd8 68. Kf5 a3 69. Ke4 Bd6 70. Nd5 Kd7 71. Kd3 Kc6 72.
Kc3 Kc5 73. Ba2 Bf8 74. Ne3 Kd6 75. Kb4 Ke5+ 76. Ka4 Kf6 77. Nc2 Kg7 78. Nxa3
Kf6 79. Nc2 Ke7 80. Kb5 Kf6 81. Kc6 Ke7 82. Ne3 Kf6 83. Kd7 Kg7 84. Be6 Ba3 85.
Nd5 Kf8 86. Nf6 Kg7 87. Ne8+ Kf8 88. Bc4 Bb4 89. Nc7 Ba3 90. Ke6 Be7 91. Be2
Ba3 92. Bh5 Kg7 93. Kd7 Kh6 94. Be2 Kg7 95. Ke8 Bd6 96. Nd5 Bf8 97. Bd3 Kh8 98.
Ne7 Bg7 99. Nf5 Bf8 100. Kxf8 1-0

[Event "Championnat de France - Vétérans"]
[Site "Pau"]
[Date "2008.08.14"]
[Round "3.5"]
[White "Lebouchard, Charles"]
[Black "Peyrin, Jean"]
[Result "0-1"]
[WhiteElo "1953"]
[BlackElo "1980"]
[PlyCount "79"]

1. d4 Nf6 2. Nf3 e6 3. g3 b5 4. Bg2 Bb7 5. Nbd2 Be7 6. O-O O-O 7. c4 bxc4 8.
Nxc4 Nc6 9. b3 d5 10. Ne3 Ne4 11. Bb2 a5 12. a3 Ba6 13. Qc2 Qd7 14. Rfc1 Bb7
15. Nf1 Rfc8 16. N1d2 f5 17. Ne1 Na7 18. Nd3 Bd6 19. f4 Ba6 20. Nf3 c5 21. Qd1
c4 22. Nde5 Qb5 23. a4 Qxb3 24. Qxb3 cxb3 25. Bf1 Bb4 26. Nd3 Bxd3 27. exd3 Nd2
28. Ne5 Rc2 29. Rxc2 bxc2 30. Rc1 Rc8 31. Nc4 dxc4 32. dxc4 Nxf1 33. Kxf1 Rxc4
34. Ke2 Nc8 35. Kd3 Rc6 36. Rxc2 Rxc2 37. Kxc2 Nb6 38. Kb3 Kf7 39. Ba3 Bxa3 40.
Kxa3 0-1

[Event "Championnat de France - Vétérans"]
[Site "Pau"]
[Date "2008.08.14"]
[Round "3.6"]
[White "Renault, Jean-Pierre"]
[Black "Birens, Eric-Andre"]
[Result "0-1"]
[WhiteElo "1912"]
[BlackElo "2054"]
[PlyCount "106"]

1. d4 Nf6 2. Nf3 c5 3. c3 g6 4. dxc5 Bg7 5. Qc2 Qc7 6. e4 Qxc5 7. Be3 Qc7 8. h3
d6 9. Bb5+ Nc6 10. O-O O-O 11. Bxc6 bxc6 12. Nbd2 c5 13. Rfe1 Rb8 14. Bf4 e5
15. Bh2 Nh5 16. Rad1 f5 17. exf5 Bxf5 18. Qa4 Kh8 19. g4 Bd7 20. Qc2 Nf4 21.
Bxf4 Rxf4 22. Re4 Rbf8 23. Rxf4 Rxf4 24. Qd3 Bc6 25. Ng5 Qd8 26. Nge4 d5 27.
Ng3 c4 28. Qe2 e4 29. Ndf1 Qh4 30. Kh2 h5 31. Ne3 hxg4 32. Nxg4 Bd7 33. Kg2
Rxg4 34. hxg4 Bxg4 35. Rh1 Qxh1+ 36. Kxh1 Bxe2 37. Nxe2 Be5 38. Kg2 Kg7 39. Kh3
Kf6 40. Kg4 g5 41. b3 cxb3 42. axb3 Bd6 43. b4 Bc7 44. b5 Bd6 45. f3 exf3 46.
Kxf3 Ke5 47. Kg4 Be7 48. Kf3 Bd8 49. Nd4 Kd6 50. Nc6 a6 51. Nd4 axb5 52. Nxb5+
Ke5 53. Nd4 Kd6 0-1

[Event "Championnat de France - Vétérans"]
[Site "Pau"]
[Date "2008.08.14"]
[Round "3.7"]
[White "Degrave, Jack"]
[Black "Laval, Hubert"]
[Result "1-0"]
[WhiteElo "2020"]
[BlackElo "1889"]
[PlyCount "85"]

1. e4 d6 2. d4 Nf6 3. Nc3 g6 4. f3 c6 5. Be3 b5 6. Qd2 Nbd7 7. d5 cxd5 8. Bxb5
dxe4 9. fxe4 a6 10. Ba4 Bb7 11. O-O-O Bg7 12. Nf3 O-O 13. Bh6 Qa5 14. Bxg7 Kxg7
15. Bxd7 Nxd7 16. g4 Rfc8 17. h4 h6 18. h5 g5 19. Nd4 Qe5 20. Nf5+ Kh7 21. Rhf1
Nf6 22. Qe2 Rc7 23. Nd4 Rac8 24. Rd3 Qa5 25. Nb3 Qb6 26. e5 dxe5 27. Qxe5 Qe6
28. Qxe6 fxe6 29. Rd4 e5 30. Rb4 Nd5 31. Rxb7 Nxc3 32. Rxc7 Ne2+ 33. Kd2 Rxc7
34. Kxe2 Rxc2+ 35. Ke3 Rc4 36. Rf7+ Kg8 37. Rxe7 Rxg4 38. Rxe5 Rh4 39. Re6 Rxh5
40. Rxa6 Kg7 41. Nd4 Rh3+ 42. Ke4 h5 43. Ne6+ 1-0

[Event "Championnat de France - Vétérans"]
[Site "Pau"]
[Date "2008.08.14"]
[Round "3.8"]
[White "Violeau, Jean-Luc"]
[Black "Oger, Claude"]
[Result "1-0"]
[WhiteElo "1880"]
[BlackElo "2016"]
[PlyCount "75"]

1. c4 Nf6 2. Nc3 e5 3. Nf3 Nc6 4. g3 Bc5 5. Bg2 d6 6. O-O O-O 7. a3 a5 8. d3 h6
9. Ne1 Be6 10. Nc2 Qd7 11. Ne3 Bh3 12. Ncd5 Nxd5 13. Nxd5 Bxg2 14. Kxg2 f5 15.
Be3 Nd4 16. Rb1 c6 17. Nc3 f4 18. Bxd4 Bxd4 19. Ne4 d5 20. Nd2 e4 21. dxe4 dxe4
22. Nxe4 Rae8 23. Qd3 c5 24. Nd2 Qc6+ 25. Nf3 g5 26. Kg1 Re4 27. Nxd4 Rxd4 28.
Qc2 Qe6 29. Rbd1 Re4 30. Rd2 Re8 31. Rfd1 Rxc4 32. Qb3 Re7 33. Qb5 Rd4 34. Qxc5
Rxd2 35. Rxd2 f3 36. e3 Rd7 37. Qc8+ Kf7 38. Qxd7+ 1-0